| 000 | 00669nam a2200229Ia 4500 | ||
|---|---|---|---|
| 003 | OSt | ||
| 005 | 20220928131341.0 | ||
| 006 | a|||||r|||| 00| 0 | ||
| 007 | ta | ||
| 008 | 220927b |||||||| |||| 00| 0 eng d | ||
| 024 | _a35574 | ||
| 037 | _cTextual | ||
| 040 |
_aSDCL _cSDCL _beng |
||
| 041 |
_2eng _aeng |
||
| 082 | _aT4:(X:95).2'P, P1 | ||
| 100 |
_aVohra Amrit Lal _9477781 |
||
| 245 | 0 | _aManual of service conditions of teachers in universities and colleges in India. | |
| 260 |
_aNew Delhi _bCrest Publishing _c2001 |
||
| 300 |
_axxiv,608p. _ccm. |
||
| 942 |
_hT4:(X:95).2'P, P1 _cTEXL _2CC |
||
| 999 |
_c790289 _d790289 |
||